| 000 | 00522nam a2200193Ia 4500 | ||
|---|---|---|---|
| 003 | GCL | ||
| 008 | 140319s9999 xx 000 0 eng d | ||
| 020 | _a0140513884 | ||
| 040 |
_aGCL / _cGCL |
||
| 082 | 0 | 4 |
_aREF _b910.3 _bC G |
| 100 | 1 | _aCLARK, AUDREY N. | |
| 245 | 1 | 0 |
_aTHE PENGUIN DICTIONARY OF GEOGRAPHY / _cCLARK, AUDREY N. |
| 250 | _a2ND | ||
| 260 |
_aانجلترا : _bPENGUIN BOOKS ، _c1998 |
||
| 300 |
_a20 CM ؛ _cVII,454 P |
||
| 650 | 0 | 4 | _aGEOGRAPHY |
| 650 | 0 | 4 | _aGEOGRAPHY - DICTIONARIES |
| 942 |
_2ddc _cBK |
||
| 999 |
_c1488 _d1488 |
||